Statistics for Top 10 Guessed Indian State Capital Cities on Jetpunk

Click here to take the quiz!

General Stats

  • This quiz has been taken 8 times
  • The average score is 5 of 10

Answer Stats

%Answer% Correct
78Mumbai
100%
70Bengaluru
86%
75Hyderabad
86%
65Chandigarh
43%
64Gandhinagar
43%
66Jammu/Srinagar
29%
66Panaji
29%
70Patna
29%
84Amaravati
14%
61Dispur
14%

Score Distribution

Percentile by Number Answered

Percent of People with Each Score

Your Score History

You have not taken this quiz